| 000 | 00562nam a2200181 i 4500 | ||
|---|---|---|---|
| 001 | 58774 | ||
| 003 | ES-MaACL | ||
| 005 | 20230906163901.0 | ||
| 007 | t| | ||
| 008 | 031024s1977 xxk ||||1| eng d | ||
| 100 | 1 |
_aDutton, Brian. _946363 |
|
| 245 | 1 | 0 |
_aCassell's concise spanish-english, english-spanish _b: dictionary / _cBrian Dutton, L.P. Harvey, Roger M. Walker. |
| 260 |
_aLondon : _bCassell, _c[1977] |
||
| 300 |
_aXV, 444 p. ; _c19 cm. |
||
| 700 | 1 |
_aHarvey, L. P. _962019 |
|
| 700 | 1 |
_aWalker, Roger M. _9115939 |
|
| 852 |
_aES-MaACL _jL-242 _bR.101091 |
||
| 999 |
_c58774 _d58774 |
||